LEADER 01521nam 2200373 n 450 001 996390338003316 005 20221108100858.0 035 $a(CKB)1000000000651920 035 $a(EEBO)2240870464 035 $a(UnM)99850328 035 $a(EXLCZ)991000000000651920 100 $a19920228d1632 uy | 101 0 $aeng 135 $aurbn||||a|bb| 200 00$aIoy in tribulation. Or, Consolations for the afflicted spirits. By Phinees Fletcher, B.D. and minister of Gods Word at Hilgay in Norfolke$b[electronic resource] 210 $aLondon $cPrinted [by J. Beale] for Iames Baker, dwelling at the signe of the Marigold in Pauls Church-yard$d1632 215 $a[14], 339, [1] p 300 $aPrinter's name from STC. 300 $aRunning title reads: Consolations for the afflicted spirit. 300 $a"Apparently occasioned by the death of Sir Thomas Roberts."--Folger Shakespeare Library Catalogue. 300 $aSome print show-through; some pages stained. 300 $aReproduction of the original in the British Library. 330 $aeebo-0018 606 $aConsolation$vEarly works to 1800 615 0$aConsolation 700 $aFletcher$b Phineas$f1582-1650.$0203739 801 0$bCu-RivES 801 1$bCu-RivES 801 2$bCStRLIN 801 2$bWaOLN 906 $aBOOK 912 $a996390338003316 996 $aIoy in tribulation. Or, Consolations for the afflicted spirits. By Phinees Fletcher, B.D. and minister of Gods Word at Hilgay in Norfolke$92376447 997 $aUNISA LEADER 01640nam 2200337 450 001 996577944303316 005 20231214153059.0 010 $a1-5044-5728-5 024 7 $a10.1109/IEEESTD.2019.8694176 035 $a(CKB)4100000008042802 035 $a(NjHacI)994100000008042802 035 $a(EXLCZ)994100000008042802 100 $a20231214d2019 uy 0 101 0 $aeng 135 $aur||||||||||| 181 $ctxt$2rdacontent 182 $cc$2rdamedia 183 $acr$2rdacarrier 200 10$aISO/IEC/IEEE international standard - information technology--telecommunications and information exchange between systems - local and metropolitan area networks--specific requirements$hPart 11 $eWireless LAN Medium Access Control (MAC) and Physical Layer (PHY) specifications Amendment 2 : sub 1 GHz license exempt operation /$fInstitute of Electrical and Electronics Engineers 210 1$aNew York, New York :$cIEEE,$d2019. 215 $a1 online resource (596 pages) 330 $aModifications to both the IEEE 802.11(TM) physical layer (PHY) and the medium access control (MAC) sublayer to enable operation of license-exempt IEEE 802.11 wireless networks in frequency bands below 1 GHz, excluding the television (TV) White Space bands, with a transmission range up to 1 km and a minimum data rate of at least 100 Kb/s are defined in this amendment. 606 $aLocal area networks (Computer networks) 615 0$aLocal area networks (Computer networks) 676 $a004.68 801 0$bNjHacI 801 1$bNjHacl 906 $aDOCUMENT 912 $a996577944303316 996 $aISO$91086301 997 $aUNISA